Stronghold Crusader Charaktere - Statistiken

Allgemein
  • Dieses Quiz wurde 36 mal gespielt
  • Das Durchschnittsergebnis liegt bei 7 aus 8
Antwortstatistiken
Bildquiz Antwort % Korrekt
Ratte
94%
Schwein
94%
Sultan
94%
Wolf
94%
Richard Löwenherz
90%
Saladin
90%
Schlange
87%
Kalif
84%
Keine übereinstimmenden Quizze gefunden
Verteilung der Resultate
Anzahl Personen mit jedem Resultat
Perzentil nach korrekt beantworteten Fragen
Ihre Resultats-Entwicklung
Sie haben dieses Quiz noch nicht gespielt